<?xml version="1.0" encoding="UTF-8"?><?xml-stylesheet type="text/xsl" href="static/style.xsl"?><OAI-PMH xmlns="http://www.openarchives.org/OAI/2.0/" xmlns:xsi="http://www.w3.org/2001/XMLSchema-instance" xsi:schemaLocation="http://www.openarchives.org/OAI/2.0/ http://www.openarchives.org/OAI/2.0/OAI-PMH.xsd"><responseDate>2026-04-18T03:17:28Z</responseDate><request verb="GetRecord" identifier="oai:www.recercat.cat:10256/21698" metadataPrefix="marc">https://recercat.cat/oai/request</request><GetRecord><record><header><identifier>oai:recercat.cat:10256/21698</identifier><datestamp>2024-05-22T09:50:57Z</datestamp><setSpec>com_2072_452955</setSpec><setSpec>com_2072_2054</setSpec><setSpec>col_2072_452957</setSpec></header><metadata><record xmlns="http://www.loc.gov/MARC21/slim" xmlns:dcterms="http://purl.org/dc/terms/" xmlns:xsi="http://www.w3.org/2001/XMLSchema-instance" xmlns:doc="http://www.lyncode.com/xoai" xsi:schemaLocation="http://www.loc.gov/MARC21/slim http://www.loc.gov/standards/marcxml/schema/MARC21slim.xsd">
   <leader>00925njm 22002777a 4500</leader>
   <datafield ind2=" " ind1=" " tag="042">
      <subfield code="a">dc</subfield>
   </datafield>
   <datafield ind2=" " ind1=" " tag="720">
      <subfield code="a">Martínez Álvarez, David</subfield>
      <subfield code="e">author</subfield>
   </datafield>
   <datafield ind2=" " ind1=" " tag="720">
      <subfield code="a">Calle Ortega, Eusebi</subfield>
      <subfield code="e">author</subfield>
   </datafield>
   <datafield ind2=" " ind1=" " tag="720">
      <subfield code="a">Jové, Albert</subfield>
      <subfield code="e">author</subfield>
   </datafield>
   <datafield ind2=" " ind1=" " tag="720">
      <subfield code="a">Pérez-Solà, Cristina</subfield>
      <subfield code="e">author</subfield>
   </datafield>
   <datafield ind2=" " ind1=" " tag="260">
      <subfield code="c">2022-11-01</subfield>
   </datafield>
   <datafield ind2=" " ind1=" " tag="520">
      <subfield code="a">With the emergence of new technologies and the generalized use of social media, corporations have an invested economic interest in employing web-tracking techniques, but there is also the issue of protecting users’ privacy. In this field of research, only few articles introduce methods to evaluate website compliance in the use of current web-tracking techniques. Moreover, evaluating the level of compliance requires, in the majority of cases, manually implementing an extensive data analysis. In this paper, we present four new algorithms (CIA, CDA, BDA, and SCA) and a novel measure (WLoC) to evaluate user tracking compliance in websites and the level of confidence in the use of information-gathering technologies, by employing the recently published Website Evidence Collector (WEC) software from the European Data Protection Supervisor (EDPS). The paper also showcases a case study of the top 500 websites most visited by Alexa in Spain to evaluate the performance of the presented algorithms and metrics. Results reveal a novel procedure for obtaining categorized websites’ compliance and confidence levels of a set of websites under the current European legislation, thus updating and enhancing some of the previous research work</subfield>
   </datafield>
   <datafield ind2=" " ind1=" " tag="520">
      <subfield code="a">UdG researchers thank Red temática Go2Edge (Ref.: RED2018-102585-T) and Ajut PontUdG2020/23 for their partial funding. This work was also supported in part by the Spanish Government under Grant RTI2018-095094-B-C22 “CONSENT”, and is based in the first author’s Master’s thesis from the Cybersecurity and Privacy Master’s degree from the Universitat Oberta de Catalunya.&#xd;
Open Access funding provided thanks to the CRUE-CSIC agreement with Elsevier</subfield>
   </datafield>
   <datafield ind1="8" ind2=" " tag="024">
      <subfield code="a">http://hdl.handle.net/10256/21698</subfield>
   </datafield>
   <datafield tag="653" ind2=" " ind1=" ">
      <subfield code="a">Internet -- Mesures de seguretat</subfield>
   </datafield>
   <datafield tag="653" ind2=" " ind1=" ">
      <subfield code="a">Internet -- Security measures</subfield>
   </datafield>
   <datafield tag="653" ind2=" " ind1=" ">
      <subfield code="a">Protecció de dades</subfield>
   </datafield>
   <datafield tag="653" ind2=" " ind1=" ">
      <subfield code="a">Data protection</subfield>
   </datafield>
   <datafield ind2="0" ind1="0" tag="245">
      <subfield code="a">Web-tracking compliance: websites’ level of confidence in the use of information-gathering technologies</subfield>
   </datafield>
</record></metadata></record></GetRecord></OAI-PMH>